00448pab a2200133 454500008004000000100001800040245015300058260000900211300001300220362001100233650002900244650002100273773002000294180718b2014 xxu||||| |||| 00| 0 eng d aBora, Abhijit aHigher education in India : In search of a solution to issues of equity, inclusive education, quality, globalization, sustainable education services c2014 ap.23-29. a24 Feb aHigher education - India aHigher education aUniversity News